| 000 | 01000nam a2200265Ia 4500 | ||
|---|---|---|---|
| 003 | OSt | ||
| 005 | 20201117132432.0 | ||
| 008 | 191128s1988 ck a gr 000 0 spa d | ||
| 020 | _a9160018 | ||
| 040 |
_aCO-JMCR _cCO-JMCR |
||
| 041 | 0 | _aspa | |
| 082 | 0 | 4 |
_a658 .4032 _bK142t _223 |
| 100 | 1 |
_akalenatic, Dusko, _eautor _912332 |
|
| 245 | 1 | 0 |
_aTécnicas de planeación de redes / _cDusko kalenatic |
| 250 | _aPrimera edición | ||
| 260 |
_aBogotá : _bUniversidad Distrital Francisco José de Caldas, _c1987. |
||
| 300 |
_a[326] páginas : _bgráficos a blanco y negro ; _c25 cm. |
||
| 490 | 0 | _aBiblioteca de catedráticos | |
| 504 | 0 | _aBibliografía: páginas [319-326]. | |
| 505 | 0 | _aTécnicas de planeación de redes -- Determinación del camino mas corto en la red por medio de la programación dinámica -- Algebra de sistemas de información | |
| 650 | 2 | 4 |
_aAnálisis de redes _912257 |
| 650 | 2 | 4 |
_aPlanificación PERT _912333 |
| 650 | 2 | 4 |
_aAnálisis de redes _912257 |
| 942 |
_2ddc _cBK |
||
| 999 |
_c6117 _d6117 |
||